| 000 | 01592nam a2200277Ia 4500 | ||
|---|---|---|---|
| 999 |
_c38079 _d38079 |
||
| 001 | 4065 | ||
| 003 | GE_BSU | ||
| 005 | 20191003115556.0 | ||
| 008 | 181216s1969||||ge |||||||||||||| ||geo|| | ||
| 040 | _cGE_BSU | ||
| 041 | _ageo | ||
| 080 | _a631(479.22) ბ–91 | ||
| 100 |
_aბრეგაძე, ნელი _94462 |
||
| 245 |
_aმთის მიწათმოქმედება დასავლეთ საქართველოში : _bმემინდვრეობა რაჭა-ლეჩხუმის ეთნოგრაფიული მასალების მიხედვით _cრედ. გ. ჩიტაია. |
||
| 264 |
_aთბილისი : _bმეცნიერება, _c1969. |
||
| 300 |
_a174 გვ. ; _b22 სმ. |
||
| 504 | _aბიბლიოგრ. შემოკლ. და ტბლ. ახსნა: გვ.279-284. | ||
| 520 | _aრეზუმე რუს. და ინგლ. ენ.- | ||
| 541 | _h3 ლ. | ||
| 653 | _aქართული წეს-ჩვეულებები; | ||
| 653 | _aმემინდვრეობა რაჭა-ლეჩხუმში; | ||
| 653 | _aმთის მიწათმოქმედება დასავლეთ საქართველოში. | ||
| 700 |
_aჩიტაია, გ. _eრედაქტორი _94463 |
||
| 710 |
_aივ. ჯავახიშვილის სახ. ისტორიის, არქეოლოგიისა და ეთნოგრაფიის ინ-ტი. _94464 |
||
| 942 |
_cBK _2udc |
||